Фауст (Запис номер 132035)
[ съкратено ]
| 000 -Лидер | |
|---|---|
| Контролно поле с фиксирана дължина | 01346nam a2200313 c 4500 |
| 003 - Код на организацията, давaща контролен номер | |
| Контролно поле | BLK |
| 005 - Дата и час на последна редакция | |
| Контролно поле | 20180422111622.0 |
| 008 - Елементи от данни с фиксирана дължина | |
| fixed length control field | 180409b bul|||||r ||||||| ||bul|| |
| 010 ## - Наследен системен номер | |
| LC control number | KNG00137876000 |
| 040 ## - Източник на каталожния запис | |
| Идентификатор на билиотеката - собственик на записа | BLK |
| 041 ## - Код за език | |
| Код за езика на текст/звукозапис или на отделно заглавие | Български |
| Код за езика КДБФ | Български |
| 080 ## - УДК | |
| Текстов определител УДК | Немска литература |
| УДК код - определител по УДК | 821.112.2 |
| УДК определител | -21 |
| УДК - код + определител | 821.112.2-21 |
| 100 1# - Редна дума - Автор | |
| Автор | Гьоте, Йохан Волфганг |
| Авторска отговорност | първи автор |
| R(LIN) | 323081 |
| 139 ## - Редно поле | |
| Редна дума | Гьоте, Йохан Волфганг |
| Авторски знак | Гън - Г 97 |
| 245 10 - Сведения за заглавието | |
| Заглавие | Фауст |
| Подзаглавни данни | Трагедия : Ч. 1 - 2 |
| Редно поле (дума) | Йохан Волфганг Гьоте; прев. в проза Георги Бакалов. |
| Том | Ч. 2 |
| 250 ## - Област на изданието | |
| Сведения за изданието | 2. изд. |
| 257 ## - Страна на издаване | |
| Страна на създаване/издаване | Германия |
| 260 ## - Област на издателските данни | |
| -- | София |
| Име на издателя, разпространителя и проч. | Хемус |
| Година на издаване | 1918 |
| 300 ## - Физическа характеристика | |
| Размери/Мащаб | 15 см |
| 380 ## - Жанр | |
| Жанр | Худож. лит. |
| 490 1# - СЕРИИ (Колекции) | |
| -- | Серия на том |
| Име на серия | Универсална библиотека Хемус |
| №: серия | № 28 |
| 700 1# - Други автори (авторска отговорност) | |
| Лично име | Бакалов, Георги |
| Автороска отговорност (Описва отношението между автора и произведението) | прев. в проза |
| 9 (RLIN) | 363975 |
| 760 1# - Описание на основната серия | |
| Редна дума на основното описание | Гьоте, Йохан Волфганг |
| Издание | 2. изд. |
| Място на издаване, издател и година | 1918 |
| Страници - том | 316 с. |
| Забележка - том | Съдържа и Коментар с. 266-313. |
| Заглавие | Ч. 2 |
| 852 ## - Местоположение | |
| Форматна сигнатура | Цб 8.155.5167 |
| 856 4# - Електронен адрес и достъп | |
| Електронен формат | pdf - файл |
| Път до файла /url/ | |
| 856 4# - Електронен адрес и достъп | |
| Електронен формат | pdf - файл |
| Път до файла /url/ | |
| 942 ## - АРТИКУЛИ | |
| Вид на библиотечния материал | Книги |
| Скрит в OPAC | Не |
| 944 ## - СЪЗДАВАНЕ И РЕДАКЦИЯ на ЗАПИСА | |
| Създаване/Редакция | Създаване |
| Дата на регистрацията/редакция | 12.01.2013 |
| Статус, дата на статуса | 12.01.2013 - от С1,Р / 12.01.2013 |
| Служител, извършил регистрацията/редакцията | Наталия_Медовщикова |
| 944 ## - СЪЗДАВАНЕ И РЕДАКЦИЯ на ЗАПИСА | |
| Създаване/Редакция | Редакция |
| Дата на регистрацията/редакция | 10.04.2017 |
| Статус, дата на статуса | 12.01.2013 - от С1,Р / 12.01.2013 |
| Служител, извършил регистрацията/редакцията | Геновева_Генчева |
| 999 ## - СИСТЕМНИ КОНТРОЛНИ НОМЕРА | |
| Koha biblionumber | 132035 |
| Koha biblioitemnumber | 132035 |
| Код за отписване | Код за изгубен артикул | Източник на класификационната схема | Код за повреда | Коз за рестрикции | Код за отдаване | Артикулен № | Име на библиотеката - собственик | Име на библиотеката, в която се намира в момента | Статус (Текущо местоположение) | Дата на вписване в системата | Местоположение - отдел | Цена в лева | Инвентарен номер | Систематично азбучна сигнатура | Баркод | Номер на екземпляра | Цена в евро | Служебна бележка | Служебен тип на артикула |
|---|---|---|---|---|---|---|---|---|---|---|---|---|---|---|---|---|---|---|---|
| Не е изгубен | Universal Decimal Classification | Не е повреден | без рестрикции | ползва се в читалня | 215423 | Регионална библиотека "Любен Каравелов" Русе | Регионална библиотека "Любен Каравелов" Русе | Хранилище | 1918-01-01 | Основен фонд - ползва се само за читалня | 0.14 | 5167-а | Цб 8.155.5167 | 900000046892 | 1 | 0.07 | N: стар фонд Дата: 01.01.1918 | Книги |